000 00503nam a2200205Ia 4500
005 20250425162608.0
008 250425s9999 xx 000 0 und d
020 _a8478290680
041 _aspa
082 _a541.369
100 _aCRIADO SANCHO, MANUEL
245 0 _aTERMODINÁMICA QUÍMICA Y DE LOS PROCESOS IRREVERSIBLES
250 _a2 ED.
260 _aEspaña
_bPEARSON
_c2004
260 _aMADRID
300 _a637
650 _aTERMODINAMICA QUIMICA
942 _c01
010 _a88369
999 _c232480
_d232480